000
00380nam a2200133Ia 4500
008
100328s9999 xx 000 0 und d
082
_b
34500
100
_a
खाडीलकर उषा
245
_a
शृंगार वेडी
260
_b
अभिजित
630
_a
शृंगार वेडी
730
_a
शृंगार वेडी
942
_c
BOOK
999
_c
524647
_d
524644